000
00303nam a22001337a 4500
008
170320b xxu||||| |||| 00| 0 eng d
020
_a
9780323026093
041
_a
eng
080
_a
616.8
100
_a
7
101
_a
SHM
245
_a
FOUNDATIONS OF MENTAL HEALTH CARE
_c
VALFRE.M/M
942
_2
udc
_c
BK
999
_c
8065
_d
8065